Opodstatnenosť znížených sadzieb dane z pridanej hodnoty bakalárska práca

Salvato in:
Dettagli Bibliografici
Autore principale: Garajová, Adriana
Ente Autore: Národohospodárska fakulta EU. Katedra financií
Altri autori: Rimeš, Michal, 1996-
Natura: Libro
Lingua:slovacco
Pubblicazione: Bratislava 2025
Tags: Aggiungi Tag
Nessun Tag, puoi essere il primo ad aggiungerne!!

MARC

LEADER 00000nbm a2200000 4500
001 0309256
005 20260119133003.2
041 0 |a slo 
044 |a SK 
245 1 0 |a Opodstatnenosť znížených sadzieb dane z pridanej hodnoty  |b bakalárska práca  |c Adriana Garajová ; školiteľ: Michal Rimeš 
264 1 |a Bratislava  |c 2025 
300 |a 54 s. 
100 1 |a Garajová, Adriana 
700 1 |a Rimeš, Michal, 1996- 
710 2 |a Národohospodárska fakulta EU. Katedra financií